[Event "Zagreb-ch"]
[Site "Zagreb"]
[Date "2012.11.09"]
[Round "4"]
[White "Zecevic, Dean"]
[Black "Mrdja, Milan"]
[Result "1/2-1/2"]
[WhiteElo "2273"]
[BlackElo "2370"]
[PlyCount "116"]
[EventDate "2012.11.05"]
[EventType "tourn"]
[EventRounds "11"]
[EventCountry "CRO"]
[SourceTitle "EXT 2014"]
[Source "ChessBase"]
[SourceDate "2013.11.20"]
[SourceVersion "1"]
[SourceVersionDate "2013.11.20"]
[SourceQuality "1"]

1. e4 d5 2. exd5 Qxd5 3. Nc3 Qd6 4. Bc4 Nf6 5. Nf3 e6 6. d4 Be7 7. 0-0 0-0 8. Qe2 a6 9. Bg5 Nbd7 10. Rad1 b5 11. Bd3 Bb7 12. a4 b4 13. Nb1 Nd5 14. Qe4 N5f6 15. Qxb7 Rfb8 16. Bf4 Qxf4 17. Qc6 Ra7 18. Nbd2 Rb6 19. Qc4 a5 20. Rfe1 Rb8 21. g3 Qd6 22. Qb3 c5 23. Bb5 Rf8 24. Nc4 Qc7 25. Bxd7 Qxd7 26. dxc5 Qc6 27. Nce5 Qxc5 28. Rd4 Rc7 29. Rc4 Qb6 30. Rd1 Rfc8 31. Rxc7 Qxc7 32. Rd2 Bc5 33. Re2 h6 34. Qd3 Rd8 35. Qb5 Rd5 36. Qc6 Qa7 37. Kg2 Bf8 38. Qc8 Rc5 39. Nc6 Qd7 40. Qxd7 Nxd7 41. Nce5 Nb6 42. b3 Be7 43. Nd3 Rc8 44. h4 Bf6 45. g4 g5 46. hxg5 hxg5 47. Nfe5 Kg7 48. Kf3 Nd5 49. Nc4 Nc3 50. Re1 Nxa4 51. Nxa5 Nb6 52. Re2 Bc3 53. Re4 Kg6 54. Nxb4 Nd5 55. Nxd5 exd5 56. Ra4 Bxa5 57. Rxa5 Rxc2 58. Ra6+ f6 1/2-1/2

[Event "Velika Gorica op 10th"]
[Site "Velika Gorica"]
[Date "2012.08.27"]
[Round "7"]
[White "Mrdja, Milan"]
[Black "Zecevic, Dean"]
[Result "1-0"]
[WhiteElo "2368"]
[BlackElo "2276"]
[PlyCount "81"]
[EventDate "2012.08.20"]
[EventType "swiss"]
[EventRounds "9"]
[EventCountry "CRO"]
[SourceTitle "CBM 150 Extra"]
[Source "ChessBase"]
[SourceDate "2012.10.19"]
[SourceVersion "1"]
[SourceVersionDate "2012.10.19"]
[SourceQuality "1"]

1. e4 e6 2. d4 d5 3. Nc3 Bb4 4. e5 b6 5. Qg4 Bf8 6. Bg5 Qd7 7. 0-0-0 Ba6 8. Nge2 Nc6 9. f4 f6 10. exf6 gxf6 11. Bh4 0-0-0 12. Ng3 Bxf1 13. Rhxf1 f5 14. Qe2 Re8 15. Rfe1 Bd6 16. Nxd5 Qf7 17. Kb1 Nh6 18. Nf6 Re7 19. Qf3 Nb8 20. Bg5 Qg6 21. d5 Rf8 22. Nfh5 Ree8 23. dxe6 Rxe6 24. Rxe6 Qxe6 25. Ng7 Qg6 26. Bxh6 Qxh6 27. N7xf5 Qxf4 28. Nxd6+ cxd6 29. Qb3 Qe5 30. a3 h5 31. Ne4 d5 32. Qxd5 Qxd5 33. Rxd5 Rf1+ 34. Ka2 Re1 35. Nc3 Rg1 36. g3 h4 37. gxh4 Rg2 38. h3 Rxc2 39. Rg5 Rh2 40. Rg3 Rf2 41. Ne4 1-0

[Event "Velika Gorica op 10th"]
[Site "Velika Gorica"]
[Date "2012.08.23"]
[Round "4"]
[White "Matic, Zeljko"]
[Black "Zecevic, Dean"]
[Result "0-1"]
[WhiteElo "2212"]
[BlackElo "2276"]
[PlyCount "94"]
[EventDate "2012.08.20"]
[EventType "swiss"]
[EventRounds "9"]
[EventCountry "CRO"]
[SourceTitle "CBM 150 Extra"]
[Source "ChessBase"]
[SourceDate "2012.10.19"]
[SourceVersion "1"]
[SourceVersionDate "2012.10.19"]
[SourceQuality "1"]

1. Nf3 Nf6 2. c4 e6 3. g3 d5 4. Bg2 c5 5. 0-0 Nc6 6. cxd5 exd5 7. d4 Be7 8. Nc3 0-0 9. b3 Ne4 10. Bb2 Bf6 11. Na4 b6 12. dxc5 Bxb2 13. Nxb2 bxc5 14. Rc1 Ba6 15. Nd2 Nd4 16. Nd3 Re8 17. Re1 Rc8 18. Bxe4 dxe4 19. Nxc5 e3 20. fxe3 Nf5 21. Nf1 Qxd1 22. Rexd1 Bxe2 23. Rd7 Bxf1 24. Kxf1 Nxe3+ 25. Kg1 g6 26. Rxa7 Ng4 27. Ra4 Ne5 28. Kg2 Red8 29. Kf1 Rd2 30. h4 f5 31. Rc3 Rb2 32. a3 Rd8 33. Re3 Ng4 34. Rd3 Re8 35. Rxg4 fxg4 36. Nd7 Rc8 37. Re3 Rc1+ 38. Re1 Rxe1+ 39. Kxe1 Rxb3 40. Kf2 h5 41. a4 Rb4 42. a5 Ra4 43. Ne5 Kg7 44. Nc6 Kf6 45. Ke3 Rc4 46. Nd8 Rc7 47. a6 Ra7 0-1

[Event "CRO Cup 21st"]
[Site "Sibenik"]
[Date "2012.05.20"]
[Round "6.91"]
[White "Dizdarevic, Emir"]
[Black "Zecevic, Dean"]
[Result "1-0"]
[WhiteElo "2485"]
[BlackElo "2275"]
[PlyCount "39"]
[EventDate "2012.05.16"]
[EventType "team-swiss"]
[EventRounds "6"]
[EventCountry "CRO"]
[SourceTitle "CBM 148 Extra"]
[Source "ChessBase"]
[SourceDate "2012.06.22"]
[SourceVersion "1"]
[SourceVersionDate "2012.06.22"]
[SourceQuality "1"]
[WhiteTeam "Sibenik"]
[BlackTeam "Velika Gorica"]
[WhiteTeamCountry "CRO"]
[BlackTeamCountry "CRO"]

1. Nf3 Nf6 2. c4 c6 3. Nc3 d5 4. e3 e6 5. b3 Nbd7 6. Qc2 Bd6 7. Be2 0-0 8. 0-0 a6 9. d4 b5 10. e4 e5 11. exd5 cxd5 12. dxe5 Nxe5 13. Rd1 bxc4 14. Bg5 cxb3 15. axb3 h6 16. Bxf6 Qxf6 17. Nxd5 Qd8 18. Ra4 Rb8 19. Nxe5 Bxe5 20. Bxa6 1-0